ANALYSIS OF PRINCIPALS' CULLED HUMAN RESOURCE SKILLS ON MANAGEMENT OF STUDENT DISCIPLINE IN PUBLIC SECONDARY SCHOOLS IN BOMET COUNTY, KENYA (Record no. 217123)

MARC details
000 -LEADER
fixed length control field 00661nam a22001577a 4500
008 - FIXED-LENGTH DATA ELEMENTS--GENERAL INFORMATION
fixed length control field 260513b |||||||| |||| 00| 0 eng d
050 ## - LIBRARY OF CONGRESS CALL NUMBER
Classification number THE LB 2831.9 .C44 2026
100 ## - MAIN ENTRY--PERSONAL NAME
Personal name CHEPKWONY, ARAP EZEKIEL.
245 ## - TITLE STATEMENT
Title ANALYSIS OF PRINCIPALS' CULLED HUMAN RESOURCE SKILLS ON MANAGEMENT OF STUDENT DISCIPLINE IN PUBLIC SECONDARY SCHOOLS IN BOMET COUNTY, KENYA
260 ## - PUBLICATION, DISTRIBUTION, ETC.
Place of publication, distribution, etc. KISII,
Name of publisher, distributor, etc. KISII UNIVERSITY PRESS,
Date of publication, distribution, etc. 2026.
300 ## - PHYSICAL DESCRIPTION
Extent XX,212 P,
500 ## - GENERAL NOTE
General note INCLUDES BIBLIOGRAPHIC REFERENCES.
650 ## - SUBJECT ADDED ENTRY
Topical term or geographic name entry element 1. SCHOOL PRINCIPALS- KENYA - PROFESSIONAL SKILLS 2. HUMAN RESOURCE MANAGEMENT- KENYA - APPLIUCATION IN KENYA.
942 ## - ADDED ENTRY ELEMENTS (KOHA)
Source of classification or shelving scheme Library of Congress Classification
Koha item type Reference
Holdings
Withdrawn status Lost status Source of classification or shelving scheme Damaged status Not for loan Collection Home library Current library Shelving location Date acquired Inventory number Total checkouts Full call number Barcode Date last seen Copy number Price effective from Koha item type
    Library of Congress Classification     Special Research Kisii University Library Kisii University Library On Display 05/13/2026 113289   THE LB 2831.9 .C44 2026 A001536 05/13/2026 1 05/13/2026 Reference